BIBLIOTECA PODER JUDICIAL
Portal Judicial TDF

Exclusiones de cobertura y causalidad / (Registro nro. 6357)

000 -LEADER
fixed length control field 01465nab a22002777a 4500
003 - CONTROL NUMBER IDENTIFIER
control field OSt
005 - DATE AND TIME OF LATEST TRANSACTION
control field 20260131195153.0
008 - FIXED-LENGTH DATA ELEMENTS--GENERAL INFORMATION
fixed length control field 190603e xxum|||| |||| 00| 0 spa d
040 ## - CATALOGING SOURCE
Transcribing agency PJ
100 ## - MAIN ENTRY--PERSONAL NAME
9 (RLIN) 6043
Personal name Schiavo, Carlos A.
245 10 - TITLE STATEMENT
Title Exclusiones de cobertura y causalidad /
Statement of responsibility, etc Carlos A. Schiavo.
260 ## - PUBLICATION, DISTRIBUTION, ETC. (IMPRINT)
Date of publication, distribution, etc Ciudad Autónoma de Buenos Aires :
Place of publication, distribution, etc Thomson Reuters La Ley,
Name of publisher, distributor, etc 2025.
300 ## - PHYSICAL DESCRIPTION
Extent p. 104-118
500 ## - GENERAL NOTE
General note Cita: TR LALEY AR/DOC/2868/2025 <br/>Publicado en: RCCyC 2025 (Diciembre).
505 ## - FORMATTED CONTENTS NOTE
Formatted contents note Sumario: I. Introducción.— II. El seguro como contrato aleatorio.— III. La probabilidad constitutiva del alea y el riesgo como objeto asegurado en el contrato.— IV. De las llamadas exclusiones.— V. De las cargas y caducidades.— VI. Análisis general de los hechos, actos y daños no asegurados.— VII. ¿Debe haber relación causal entre lo no asegurado y el hecho siniestral?— VIII. Conclusiones.
505 ## - FORMATTED CONTENTS NOTE
Title ¿Te interesa el texto completo? Solicitalo al correo: koha@justierradelfuego.gov.ar
650 #0 - SUBJECT ADDED ENTRY--TOPICAL TERM
9 (RLIN) 1497
Topical term or geographic name as entry element CODIGO CIVIL Y COMERCIAL
650 #0 - SUBJECT ADDED ENTRY--TOPICAL TERM
9 (RLIN) 1467
Topical term or geographic name as entry element RESPONSABILIDAD CIVIL
650 #0 - SUBJECT ADDED ENTRY--TOPICAL TERM
9 (RLIN) 1923
Topical term or geographic name as entry element LEY DE SEGUROS
650 #0 - SUBJECT ADDED ENTRY--TOPICAL TERM
9 (RLIN) 1921
Topical term or geographic name as entry element SEGUROS
650 #0 - SUBJECT ADDED ENTRY--TOPICAL TERM
Topical term or geographic name as entry element COBERTURA DEL SEGURO
650 #0 - SUBJECT ADDED ENTRY--TOPICAL TERM
Topical term or geographic name as entry element SINIESTRO
9 (RLIN) 3573
650 #0 - SUBJECT ADDED ENTRY--TOPICAL TERM
Topical term or geographic name as entry element DEFENSA DEL CONSUMIDOR
9 (RLIN) 2597
773 0# - HOST ITEM ENTRY
Host Biblionumber 2713
Host Itemnumber 3170
Place, publisher, and date of publication Ciudad Autónoma de Buenos Aires : Thomson Reuters La Ley, 2015-
Title Revista Código Civil y Comercial. Nº 6 - Diciembre 2025
942 ## - ADDED ENTRY ELEMENTS (KOHA)
Source of classification or shelving scheme
Koha item type Analítica Artículo de Revista

No hay ítems disponibles.

12 de Octubre 789 Ushuaia - Tel:  54(02901)441571
Horario de Atención: 8.00 a 17.00 hs. 
bibliotecaush@justierradelfuego.gov.ar
koha@justierradelfuego.gov.ar
Seguinos en nuestras redes @bibliojustdf 

Con tecnología Koha